000 00310nam a22001337a 4500
008 181022b xxu||||| |||| 00| 0 eng d
020 _a9780060444747
041 _aeng
080 _a621
100 _a87
101 _aENG
245 _aKinematics And Dynamics Of Machinery
_cWilson.CH.E
942 _2udc
_cBK
999 _c50342
_d50342